000 01009ntaaa2200301 4500
003 01
005 20251027203314.0
008 0714s1973 ag 01
020 _a9501365247
040 _aAR-BaBN
_bspa
_cAR-BaBN
_eaacr
_dRIC
082 _a306.87 C27
100 _aCastellan, Ivonne
_924483
245 _aLa familia :
_bdel grupo a la célula /
_cIvonne Castellan
260 _aBuenos Aires :
_bKapelusz,
_c1983
300 _a167 p. ;
_cil. ; 23 cm.
490 _aBiblioteca de psicología contemporánea
500 _aTítulo original: La famille du groupe a la cellule
500 _aEd. original en francés: Dunod
500 _aBibliografía: p. 160-167
505 _t1. El campo de los comportamientos
505 _t2. El campo de elaboración de las personalidades
505 _t3. Subgrupos, extragrupos y ciclos de vida
650 _aPSICOLOGIA
_92648
650 _aCOMPORTAMIENTO
_934951
650 _aPERSONALIDAD
700 _aIbáñez, Iris Acacia
_etraductor
_936286
942 _cBK
999 _c28541
_d28541